| 000 | 01516nam a22002775i 4500 | ||
|---|---|---|---|
| 001 | 153553 | ||
| 003 | ES-MaACL | ||
| 005 | 20250728063132.0 | ||
| 008 | 990628s1748 be b |||| | spa d | ||
| 100 | 1 |
_aDondino, Guillermo _c(S.I.) _9156218 |
|
| 245 | 1 | 0 |
_aGuerras de Flandes : _btercera decada, de lo que hizo en Francia Alexandro Farnese,... / _cescriviola en latin el R. P. Guillelmo Dondino... ; y la traduxo... Melchor de Novar ; Tomo III, part II. |
| 250 | _aNueva edicion, enriquecida de lindissimas estampas, en la qual se enmendaron essenciales erratas. | ||
| 260 |
_aEn Amberes : _bpor Marcos Miguel Bousquet y Compañia, _c1748. |
||
| 300 |
_a[2], P. 432-879, [1] h. de grab. ; _c12º. |
||
| 530 | _aDisponible en formato digital. | ||
| 597 | _aSign.: [ ]2, T10, V-Z12, 2A-2N12, 2O4, 2P6. | ||
| 597 | _aTexto con apostillas marginales. | ||
| 599 | _aRetrato calc. de Carlos de Lorena. | ||
| 600 | 1 | 4 |
_aAlejandro Farnesio, _cDuque de Parma _9155121 |
| 651 | 0 |
_aPaíses Bajos- _xHistoria- _y1556-1648 (Guerras de la Independencia) _9241409 |
|
| 700 | 1 |
_aNovar, Melchor de _c(S.I.), _d1629-1707 _9130535 |
|
| 700 | 1 |
_aStrada, Famiano, _d1572-1649 _9132919 |
|
| 852 | 4 |
_aES-MaACL _jR-1500 _z- Enc. piel _z- Ex-libris de la Biblioteca del Rey N. Señor _z- Sello con la leyenda "Inventariado por las Cortes, 1874" _d- _x Olim: G-13943-49 |
|
| 856 | 4 |
_uhttps://hdl.handle.net/11441/125769 _zDepósito de Investigación Universidad de Sevilla |
|
| 999 |
_c153553 _d153553 |
||